| 000 | 00393cam a22001457a 4500 | ||
|---|---|---|---|
| 008 | 180718b2007 xxu||||| |||| 00| 0 eng d | ||
| 020 | _a8131600947 | ||
| 082 | _aJ7x54 D26 | ||
| 100 | _aDas, Amiya Kumar | ||
| 245 |
_aUrban planning in India _cby Amiya Kumar Das |
||
| 260 |
_aJaipur _bRawat _c2007 |
||
| 300 | _a254p. | ||
| 650 | _aCities and towns - growth | ||
| 650 | _aCity planning - India | ||
| 999 |
_c406503 _d406503 |
||